UITU Library & LRC     

Hawks Eye (Record no. 32972)

MARC details
000 -LEADER
fixed length control field 00441nam a2200133Ia 4500
008 - FIXED-LENGTH DATA ELEMENTS--GENERAL INFORMATION
fixed length control field 260210s9999 xx 000 0 und d
024 ## - OTHER STANDARD IDENTIFIER
Standard number or code 07A-66-EE, 07A-74-EE, 07A-84-EE & 07A-91-EE
082 ## - DEWEY DECIMAL CLASSIFICATION NUMBER
Classification number 629.83072 OME
100 ## - MAIN ENTRY--PERSONAL NAME
Personal name Omer Arif, Abdur Rehman, Haroon Ahmed Khan & Muhammad Salman Ahmed
245 #0 - TITLE STATEMENT
Title Hawks Eye
260 ## - PUBLICATION, DISTRIBUTION, ETC.
Place of publication, distribution, etc. Karachi:
Name of publisher, distributor, etc. UITU,
Date of publication, distribution, etc. 2007
600 ## - SUBJECT ADDED ENTRY--PERSONAL NAME
Personal name Electronic Engineering
650 ## - SUBJECT ADDED ENTRY--TOPICAL TERM
Topical term or geographic name entry element Bachelor of Engineering (BE)

No items available.

Powered by Koha